Normal view MARC view

Entry Personal Name

Number of records used in: 1

001 - CONTROL NUMBER

  • control field: 41453

003 - CONTROL NUMBER IDENTIFIER

  • control field: OSt

005 - DATE AND TIME OF LATEST TRANSACTION

  • control field: 20231101165545.0

008 - FIXED-LENGTH DATA ELEMENTS

  • fixed length control field: 231101|| aca||aabn | a|a d

040 ## - CATALOGING SOURCE

  • Original cataloging agency: OSt
  • Transcribing agency: OSt

100 ## - HEADING--PERSONAL NAME

  • Personal name: Anderson, D., Mark and Rees, Daniel I.

670 ## - SOURCE DATA FOUND

  • Source citation: Work cat.: (OSt)522846: Anderson, D., Mark and Rees, Daniel I. , The public health effects of legalizing marijuana

Powered by Koha